[Event "St Ingbert op"]
[Site "St Ingbert"]
[Date "1990.??.??"]
[Round "4"]
[White "Sher, Miron N"]
[Black "Neurohr, Stephan"]
[Result "0-1"]
[WhiteElo "2500"]
[BlackElo "2325"]

1.c4 Nf6 2.Nc3 g6 3.e4 d6 4.d4 Bg7 5.Be2 O-O 6.Nf3 e5 7.O-O Nc6 8.d5 Ne7
9.Nd2 a5 10.b3 c5 11.a3 Ne8 12.Rb1 f5 13.b4 b6 14.bxa5 bxa5 15.Qb3 Nf6 16.Qb6 Qd7
17.Bd1 Ra6 18.Qb8 Bh6 19.Bc2 fxe4 20.Ndxe4 Nxe4 21.Nxe4 Bxc1 22.Rfxc1 Nf5
23.Bd3 Qd8 24.Rb2 Nd4 25.Rcb1 Bf5 26.Qxd8 Rxd8 27.Rb8 Ra8 28.Rxa8 Rxa8 29.Rb6 Rd8
30.h4 Bxe4 31.Bxe4 Rd7 32.g3 Kf7 33.Ra6 Ke7 34.Rxa5 Rb7 35.Ra8 Nb3 36.Bd3 Nd2
37.Kg2 e4 38.Be2 Kf6 39.Re8 Re7 40.Rb8 Ke5 41.Rb2 Nf3 42.a4 Ra7 43.Ra2 Ra5
44.Ra1 Kd4 45.Rd1+ Kc3 46.Rb1 Nd4 47.Bf1 Nb3 48.h5 gxh5 49.Re1 Nd2 50.Be2 Rxa4
51.Rh1 Nxc4 52.Rh4 Ne5 53.Rxh5 Ra2 54.Kf1 Kd2 55.Bb5 Ra5 56.Be8 c4 57.Rxh7 c3  0-1

[Event "St Ingbert op"]
[Site "St Ingbert"]
[Date "1990.??.??"]
[Round "5"]
[White "Karolyi, Tibor Jr"]
[Black "Neurohr, Stephan"]
[Result "1-0"]
[WhiteElo "2440"]
[BlackElo "2325"]

1.d4 Nf6 2.c4 g6 3.Nc3 Bg7 4.e4 d6 5.Nf3 O-O 6.Be2 e5 7.O-O Nc6 8.d5 Ne7
9.Ne1 Nd7 10.Nd3 f5 11.Bd2 Nf6 12.f3 f4 13.g4 h5 14.h3 c5 15.Kg2 Bd7 16.a3 a5
17.b4 axb4 18.axb4 b6 19.Rxa8 Qxa8 20.g5 Ne8 21.h4 Qa3 22.Qa1 cxb4 23.Qxa3 bxa3
24.Ra1 Nc7 25.Rxa3 Ra8 26.Rxa8+ Nxa8 27.Nb5 Bxb5 28.cxb5 Nc7 29.Nb4 Nc8 30.Nc6 Bf8
31.Be1 Kf7 32.Bf2 Ke8 33.Kf1 Be7 34.Ke1 Bd8 35.Bf1 Na8 36.Kd2 Ne7 37.Kc3 Bc7
38.Bh3 Bd8 39.Kc4 Bc7 40.Be1 Bd8 41.Bb4 Bc7 42.Nxe5 dxe5 43.d6  1-0

[Event "Stara Zagora zt-B"]
[Site "Stara Zagora"]
[Date "1990.??.??"]
[Round "7"]
[White "Stohl, Igor"]
[Black "Marin, Mihail"]
[Result "0-1"]
[WhiteElo "2530"]
[BlackElo "2485"]

1.Nf3 Nf6 2.d4 g6 3.c4 Bg7 4.Nc3 O-O 5.e4 d6 6.Be2 e5 7.O-O Nc6 8.d5 Ne7
9.Nd2 a5 10.a3 Nd7 11.Rb1 f5 12.b4 Kh8 13.Qc2 fxe4 14.Ncxe4 Nf5 15.Nb3 axb4
16.axb4 Nf6 17.Bd3 Nxe4 18.Bxe4 Qh4 19.Bd2 Bd7 20.Bc3 b6 21.Rbe1 Ra3 22.Bb2 Ra2
23.Ra1 Rxb2 24.Qxb2 Qxe4 25.Nd2 Qh4 26.f3 Qe7 27.Ne4 Bh6  0-1

[Event "Stara Zagora zt-A"]
[Site "Stara Zagora"]
[Date "1990.??.??"]
[Round "9"]
[White "Ftacnik, Lubomir"]
[Black "Gruenberg, Hans Ulrich"]
[Result "1/2-1/2"]
[WhiteElo "2560"]
[BlackElo "2470"]

1.d4 Nf6 2.c4 g6 3.Nc3 Bg7 4.e4 d6 5.Nf3 O-O 6.Be2 e5 7.O-O Nc6 8.d5 Ne7
9.Nd2 a5 10.a3 Nd7 11.Rb1 f5 12.b4 Kh8 13.f3 Ng8 14.c5 axb4 15.axb4 dxc5
16.bxc5 Nxc5 17.Nb3 Nd7 18.Be3 c6 19.Qd2 fxe4 20.dxc6 bxc6 21.Nxe4 Ngf6 22.Ng5 Qe7
23.Na5 Nd5 24.Nxc6 Qa3 25.Bf2 Nc3 26.Bc4 Nxb1 27.Rxb1 e4 28.fxe4 Qc3 29.Nf7+ Rxf7
30.Qxc3 Bxc3 31.Bxf7 Ne5 32.Nxe5 Bxe5 33.Bd5 Ra1 34.Rxa1 Bxa1 35.Be3 Kg7
36.Kf2 h6 37.Bb6 Be5 38.g3 g5 39.Ke3 Bd7 40.Bc4 Kg6 41.Bd4 Kf6 42.Be2 Bc8
43.Bb5 Bh3 44.Bc6 h5 45.Be8  1/2-1/2

[Event "Stara Zagora zt-B"]
[Site "Stara Zagora"]
[Date "1990.??.??"]
[Round "12"]
[White "Polgar, Zsuzsa"]
[Black "Sznapik, Aleksander"]
[Result "1/2-1/2"]
[WhiteElo "2500"]
[BlackElo "2485"]

1.d4 Nf6 2.Nf3 g6 3.c4 Bg7 4.Nc3 O-O 5.e4 d6 6.Be2 e5 7.O-O Nc6 8.Be3 h6
9.dxe5 Ng4 10.exd6 Nxe3 11.fxe3 cxd6 12.Qd2 Be6 13.Rad1 Ne5 14.b3 a6 15.Nd5 Re8
16.Rfe1 Rc8 17.Nf4  1/2-1/2

[Event "SWZ-GP"]
[Site "?"]
[Date "1990.??.??"]
[Round "4"]
[White "Brunner, Lucas"]
[Black "Gallagher, Joseph G"]
[Result "1/2-1/2"]
[WhiteElo "2525"]
[BlackElo "2470"]

1.d4 Nf6 2.Nf3 g6 3.c4 Bg7 4.Nc3 O-O 5.e4 d6 6.Be2 e5 7.O-O Nc6 8.d5 Ne7
9.Nd2 a5 10.a3 c5 11.Rb1 Ne8 12.b4 axb4 13.axb4 b6 14.bxc5 bxc5 15.Nb3 f5  1/2-1/2

[Event "Tarrassa"]
[Site "Tarrassa"]
[Date "1990.??.??"]
[Round "1"]
[White "Georgiev, Kiril"]
[Black "Spraggett, Kevin"]
[Result "1/2-1/2"]
[WhiteElo "2605"]
[BlackElo "2555"]

1.d4 d6 2.e4 g6 3.c4 Bg7 4.Nc3 Nf6 5.Be2 O-O 6.Nf3 e5 7.O-O Nc6 8.d5 Ne7
9.Ne1 Nd7 10.Nd3 f5 11.Bd2 Nf6 12.f3 f4 13.g4 g5 14.Be1 Ng6 15.Bf2 h5 16.h3 c5
17.Rb1 Rf7 18.b4 b6 19.Kg2 Bf8 20.Rh1 Rh7 21.Qb3 Bd7 22.Rbg1 Be7 23.a4 Kg7
24.a5 Qc7 25.axb6 axb6 26.Rh2 Qc8 27.Rgh1 Qa6 28.Be1 Rah8 29.Nf2 Nh4+ 30.Kg1 Ng6
31.Qb2  1/2-1/2

[Event "Tarrassa"]
[Site "Tarrassa"]
[Date "1990.??.??"]
[Round "5"]
[White "Pomes Marcet, Juan"]
[Black "Spraggett, Kevin"]
[Result "1/2-1/2"]
[WhiteElo "2420"]
[BlackElo "2555"]

1.Nf3 g6 2.c4 Bg7 3.Nc3 d6 4.d4 Nf6 5.e4 O-O 6.Be2 e5 7.O-O Nc6 8.d5 Ne7
9.Bg5 Nd7 10.Nd2 f5 11.exf5 gxf5 12.f4 h6 13.Bh4 exf4 14.Nf3 Nf6 15.Bxf6 Rxf6
16.Nd4 Bd7 17.Bh5 c6 18.Qb3 Qb6 19.Qxb6 axb6 20.Rxf4 Ng6 21.Bxg6 Rxg6 22.Nxf5 Bxf5
23.Rxf5 Rg4 24.Re1 Rxc4 25.Re7 Bd4+ 26.Kf1 Bxc3 27.bxc3 Rxc3 28.Rf6 Rxa2
29.Rxd6 Rc1+ 30.Re1 Rcc2 31.Ree6 Rf2+ 32.Ke1 Rxg2 33.Rg6+ Rxg6 34.Rxg6+ Kh7
35.dxc6 bxc6 36.Rxc6 Rb2 37.h4 h5 38.Kd1 Kg7 39.Kc1 Rb5 40.Kd2 Kf7 41.Kc3 Kg7
42.Kc4 Rb1 43.Kd3 Rb4 44.Kc3 Rxh4 45.Rxb6 Re4 46.Kd3 Re8 47.Kd2 Re5 48.Ra6 Kh7
49.Rb6 Re4 50.Kd3 Re8 51.Kd2 Kg7 52.Ra6 h4 53.Ra4 Rh8 54.Ke3 h3 55.Ra1  1/2-1/2

[Event "Tastrup"]
[Site "Tastrup"]
[Date "1990.??.??"]
[Round "8"]
[White "Farago, Ivan"]
[Black "Vogt, Lothar"]
[Result "0-1"]
[WhiteElo "2475"]
[BlackElo "2500"]

1.d4 d6 2.Nf3 g6 3.c4 Bg7 4.Nc3 Nf6 5.e4 O-O 6.Be2 e5 7.O-O Nc6 8.d5 Ne7
9.Nd2 a5 10.a3 Nd7 11.Rb1 f5 12.b4 Kh8 13.f3 Ng8 14.Nb3 axb4 15.axb4 Ndf6
16.c5 Nh5 17.g3 Nhf6 18.Bd2 fxe4 19.fxe4 Bh3 20.Rf2 Qd7 21.Bf1 Bxf1 22.Rxf1 Bh6
23.Bxh6 Nxh6 24.Ra1 Rxa1 25.Qxa1 Qh3 26.Qb2 Nhg4 27.Qe2 Nxh2 28.Qxh2 Qxf1+
29.Kxf1 Ng4+ 30.Kg1 Nxh2 31.Kxh2 Rf3 32.Nb5 Rxb3 33.Nxc7 Kg8 34.cxd6 Kf7
35.b5 b6 36.Kh3 Rb4 37.Kg2 Rxe4 38.Kf3 Rb4 39.Na8 Rxb5 40.Ke4 Kf6 41.Nc7 Rb4+
42.Ke3 Kf7  0-1

[Event "Tastrup-B"]
[Site "Tastrup"]
[Date "1990.??.??"]
[Round "8"]
[White "Bang, Andreas"]
[Black "Olesen, Martin"]
[Result "1-0"]
[WhiteElo "2345"]
[BlackElo "2270"]

1.Nf3 Nf6 2.c4 g6 3.Nc3 Bg7 4.e4 d6 5.d4 O-O 6.Be2 e5 7.O-O Nc6 8.d5 Ne7
9.a4 Nd7 10.b4 f5 11.Ba3 Nf6 12.Nd2 fxe4 13.Ndxe4 Nxe4 14.Nxe4 Nf5 15.c5 Rf7
16.Bc4 Bf8 17.b5 Qh4 18.Qd3 Nd4 19.Rae1 Bf5 20.f4 Re8 21.Bb2 exf4 22.Qxd4  1-0

[Event "Tel Aviv"]
[Site "Tel Aviv"]
[Date "1990.??.??"]
[Round "?"]
[White "Lev, Ronen"]
[Black "Kagan, Shimon"]
[Result "1/2-1/2"]
[WhiteElo "2480"]
[BlackElo "2390"]

1.d4 Nf6 2.c4 g6 3.Nc3 Bg7 4.e4 d6 5.Nf3 O-O 6.Be2 e5 7.O-O Nc6 8.d5 Ne7
9.Ne1 Nd7 10.Nd3 f5 11.Bd2 Nf6 12.f3 c5 13.g4 Bd7 14.Rb1 fxg4 15.fxg4 h6
16.h4 Nh7 17.Rxf8+ Bxf8 18.b4 b6 19.bxc5 bxc5 20.Ne1 Rb8 21.Rb3 Rb4 22.Nb5 Rxb3
23.axb3 Nc8 24.Ng2 Be7 25.Be1 Kg7 26.Kh2 Nf6 27.Nc3 Qa5 28.Bd2 Qa3 29.Kg3 Bd8
30.g5 hxg5 31.hxg5 Nh7 32.Bg4 Bxg4 33.Kxg4 Qb2 34.Ne1 Bxg5 35.Bxg5 Qxc3 36.Nf3 Nxg5
37.Nxg5 Qe3 38.Qf1 Qf4+ 39.Qxf4 exf4 40.Kxf4 Kf6 41.Nf3 a5 42.Nh2 g5+ 43.Kf3 Nb6
44.Ng4+ Ke7 45.e5 dxe5 46.Nxe5 a4 47.bxa4 Nxa4 48.Ke4 Nb6  1/2-1/2

[Event "Tel Aviv op"]
[Site "Tel Aviv"]
[Date "1990.??.??"]
[Round "?"]
[White "Soffer, Ram"]
[Black "Lahav, Ehud"]
[Result "1-0"]
[WhiteElo "2440"]
[BlackElo "2380"]

1.d4 Nf6 2.c4 g6 3.Nc3 Bg7 4.e4 d6 5.Nf3 O-O 6.Be2 e5 7.O-O Nc6 8.d5 Ne7
9.Bg5 h6 10.Bxf6 Bxf6 11.b4 Kg7 12.c5 Ng8 13.Qc2 Be7 14.c6 b6 15.a4 a6 16.Ra3 f5
17.exf5 gxf5 18.g3 Qe8 19.Nd2 Qf7 20.f4 Nf6 21.Bc4 exf4 22.gxf4 Kh7 23.Kh1 Rg8
24.Ne2 Nxd5 25.Qa2 Be6 26.Nd4 Nxb4 27.Bxe6 Qg7 28.Rg3 Qxg3 29.hxg3 Nxa2 30.Nxf5 Rgf8
31.Bxa2 Bf6 32.Bb1 Kh8 33.Kg2 Rae8 34.Kf3 Bc3 35.Rh1 Rxf5 36.Bxf5 Bxd2 37.Rxh6+ Kg7
38.Rh7+ Kf6 39.Be4 Re7 40.Rh2 Bc3 41.Bd3 a5 42.Bc4 Bd4 43.Rh6+ Kg7 44.Re6 Rxe6
45.Bxe6 Kf6 46.Bd5 Bc3 47.g4 Bd2 48.Ke4 Kg6 49.g5 Bc1 50.Be6 Bd2 51.Kf3 Bc1
52.Kg4 Kg7 53.Bd5  1-0

[Event "Toulouse op"]
[Site "Toulouse"]
[Date "1990.??.??"]
[Round "3"]
[White "Bogdanovski, Vlatko"]
[Black "Fernandez Garcia, Jose L"]
[Result "1/2-1/2"]
[WhiteElo "2410"]
[BlackElo "2470"]

1.d4 Nf6 2.Nf3 g6 3.c4 Bg7 4.Nc3 O-O 5.e4 d6 6.Be2 e5 7.O-O Nc6 8.d5 Ne7
9.Nd2 a5 10.a3 Nd7 11.Rb1 f5 12.b4 Kh8 13.f3 Ng8 14.Nb5 Ndf6 15.c5 axb4 16.axb4 Bd7
17.Qc2 Bh6 18.Nb3 fxe4 19.fxe4 Ng4 20.Bxh6 Rxf1+ 21.Rxf1 Bxb5 22.Bxb5 N8xh6
23.Qd2 Ra3 24.Rf3 Kg7 25.Na5 Ra1+ 26.Rf1 Rxf1+ 27.Bxf1 b6 28.cxb6 Qb8 29.Nc4 cxb6
30.b5 Qc7 31.Qb4 Nf7 32.Bd3  1/2-1/2

[Event "Toulouse op"]
[Site "Toulouse"]
[Date "1990.??.??"]
[Round "6"]
[White "Wells, Peter K"]
[Black "Cvitan, Ognjen"]
[Result "0-1"]
[WhiteElo "2410"]
[BlackElo "2525"]

1.Nf3 Nf6 2.c4 g6 3.Nc3 Bg7 4.d4 O-O 5.e4 d6 6.Be2 e5 7.O-O Nc6 8.d5 Ne7
9.Ne1 Nd7 10.Nd3 f5 11.Bd2 Nf6 12.f3 f4 13.g4 g5 14.Be1 h5 15.h3 Ng6 16.Kg2 Rf7
17.Bf2 Bf8 18.b4 c6 19.a4 cxd5 20.cxd5 Bd7 21.Rh1 Rh7 22.Rc1 Be7 23.Nb2 Qf8
24.Nb5 Bd8 25.Nc4 Bxb5 26.axb5 Nh4+ 27.Kf1 Ng6 28.Kg2 Rc8 29.Qb3 Nh4+ 30.Bxh4 gxh4
31.Nd2 Bb6 32.Rxc8 Qxc8 33.Nc4 Qd8 34.Qd3 Bd4 35.Rc1 Rc7 36.Rc2 Nh7 37.Na5 hxg4
38.fxg4 Ng5 39.Bf3 Kf8 40.Rc4 Bb6 41.Rxc7 Qxc7 42.Nc4 Ke7 43.Bd1 Bd4 44.Bf3 Kf7
45.Qb3 Kg7 46.Qd3 Kf6 47.Bd1 Ke7 48.Bf3 Qd7 49.Na3 Kd8 50.Qb3 Kc8 51.Qd3 Kb8
52.Qb3 Be3 53.Qc3 Qc7 54.Nc4 Bd2 55.Qb3 Be1  0-1

[Event "Toulouse op"]
[Site "Toulouse"]
[Date "1990.??.??"]
[Round "7"]
[White "Andruet, Gilles"]
[Black "Hebden, Mark"]
[Result "1/2-1/2"]
[WhiteElo "2355"]
[BlackElo "2530"]

1.d4 Nf6 2.c4 g6 3.Nc3 Bg7 4.e4 d6 5.Nf3 O-O 6.Be2 e5 7.O-O Nc6 8.d5 Ne7
9.Nd2 Ne8 10.b4 f5 11.c5 Kh8 12.f3 f4 13.Nc4 h5 14.a4 g5 15.Ba3 Rf6 16.b5 dxc5
17.Bxc5 Rg6 18.h3 Ng8 19.Qd3 Nh6 20.Nd1 g4 21.fxg4 hxg4 22.hxg4 Bxg4 23.Bxg4 Rxg4
24.Rf3 Qg5 25.Qf1 Nf6 26.Nf2 Rh4 27.Raa3 Nh5 28.Rh3 Ng3 29.Qe1 Rg8 30.Nd2 Rxh3
31.Nxh3 Qg6 32.Rc3 Bf6 33.Bxa7 b6 34.d6 f3 35.Rxf3 Nxe4 36.Qe2 Nxd6 37.Qf1 Bg7
38.a5 Nc8 39.axb6 cxb6 40.Bb8 Ne7 41.Bc7 Nd5 42.Qc4 Nxc7 43.Qxc7 e4 44.Nf4 Qf5
45.Rh3 Rf8 46.g3 e3 47.Nf3 e2 48.Qxb6 Qxh3 49.Nxh3 Rxf3 50.Qf2 Rxf2 51.Kxf2 Nf5
52.Kxe2 Nd4+ 53.Ke3 Nxb5 54.Kf4 Kh7 55.Kg5 Nd6 56.Kh5 Be5 57.Kg4 Kg6 58.Nf4+ Kf6
59.Nh5+ Kf7 60.Nf4 Bb2 61.Nd3 Bc3 62.Nf4 Ne4 63.Kf3 Nf6 64.Ke3 Be1 65.Kf3 Kg7
66.Ng2 Bb4 67.Ne3 Kg6 68.Ng4 Nd7 69.Ne3 Kg5 70.Nc4 Be1 71.Ne3 Ne5+ 72.Kg2 Bc3  1/2-1/2

[Event "Val Maubuee op"]
[Site "Val Maubuee"]
[Date "1990.??.??"]
[Round "?"]
[White "Dussol, Pierre"]
[Black "Shirov, Alexei"]
[Result "0-1"]
[WhiteElo "2260"]
[BlackElo "2500"]

1.d4 Nf6 2.c4 g6 3.Nc3 Bg7 4.e4 d6 5.Be2 O-O 6.Nf3 e5 7.O-O Nc6 8.d5 Ne7
9.Bg5 h6 10.Bxf6 Bxf6 11.b4 Kg7 12.c5 Ng8 13.cxd6 cxd6 14.Nd2 Bg5 15.Nc4 f5
16.Qb3 Nf6 17.Bf3 Qe7 18.Rfe1 Bd7 19.b5 Rac8 20.b6 a6 21.Rad1 Rc5 22.exf5 gxf5
23.g3 Rfc8 24.Be2 h5 25.f4 exf4 26.Bxh5 Qf8 27.Be2 f3 28.Bf1 Ng4 29.Re6 Bxe6
30.dxe6 Qh8 31.h3 Rxc4 32.Nd5 Ne5 33.Bxc4 Qxh3 34.Qb2 Qxg3+ 35.Kf1 Rh8  0-1

[Event "Val Thorens op"]
[Site "Val Thorens"]
[Date "1990.??.??"]
[Round "3"]
[White "Cebalo, Miso"]
[Black "Lagunes, Jean Renaud"]
[Result "1-0"]
[WhiteElo "2525"]
[BlackElo "2245"]

1.d4 Nf6 2.Nf3 g6 3.c4 Bg7 4.Nc3 d6 5.e4 O-O 6.Be2 e5 7.O-O Nc6 8.Be3 Bg4
9.d5 Ne7 10.c5 Ne8 11.Nd2 Bd7 12.Rc1 f5 13.f3 f4 14.Bf2 g5 15.Qb3 Bc8 16.Nc4 h5
17.Nb5 Ng6 18.cxd6 cxd6 19.Qa3 g4 20.fxg4 hxg4 21.g3 Bh6 22.Rc2 Rf6 23.Nb6 fxg3
24.hxg3 Rxf2 25.Nxa8 Rxe2 26.Rxe2 Bd7 27.Nbc7 Nf8 28.Kg2 Nh7 29.Ne6 Qxa8
30.Rh1 Bg7 31.Nxg7 Kxg7 32.Qe3 Nhf6 33.Qh6+ Kf7 34.Rf2 Qc8 35.Rhf1 Qd8 36.Qh7+ Kf8
37.Qg6  1-0

[Event "Valencia op"]
[Site "Valencia"]
[Date "1990.??.??"]
[Round "?"]
[White "Piza Cortizo, Daniel"]
[Black "Garcia Luque, Agustin"]
[Result "1/2-1/2"]
[WhiteElo "2295"]
[BlackElo "2370"]

1.d4 Nf6 2.c4 g6 3.Nc3 Bg7 4.e4 d6 5.Nf3 O-O 6.Be2 e5 7.O-O Nc6 8.d5 Ne7
9.Bg5 h6 10.Bxf6 Bxf6 11.b4 Bg7 12.c5 a5 13.a3 f5 14.Bd3 fxe4 15.Bxe4 Nf5
16.Qd3 Qf6 17.Nb5 Rf7 18.Rac1 axb4 19.axb4 Kh7 20.Rc2 dxc5 21.bxc5 c6 22.dxc6 bxc6
23.Nd6 Ba6 24.Qa3 Bxf1 25.Qxa8 Nxd6 26.cxd6 Bb5 27.Rd2 Qf4 28.Bxc6 Bxc6 29.Qxc6 e4
30.Qa4  1/2-1/2

[Event "Valencia op"]
[Site "Valencia"]
[Date "1990.??.??"]
[Round "?"]
[White "Piza Cortizo, Daniel"]
[Black "Bass, Leonid"]
[Result "1/2-1/2"]
[WhiteElo "2295"]
[BlackElo "2485"]

1.d4 Nf6 2.c4 g6 3.Nc3 Bg7 4.e4 d6 5.Nf3 O-O 6.Be2 e5 7.O-O Nc6 8.d5 Ne7
9.Bg5 h6 10.Bxf6 Bxf6 11.b4 Bg7 12.c5 f5 13.Bd3 Kh8 14.Nd2 c6 15.Nc4 dxc5
16.d6 cxb4 17.dxe7 Qxe7 18.Nb1 Be6 19.Nbd2 Rad8 20.Qc2 Rd4 21.Nb2 f4  1/2-1/2

[Event "Valencia op"]
[Site "Valencia"]
[Date "1990.??.??"]
[Round "?"]
[White "Bass, Leonid"]
[Black "Garcia Luque, Agustin"]
[Result "0-1"]
[WhiteElo "2485"]
[BlackElo "2370"]

1.d4 Nf6 2.c4 g6 3.Nc3 Bg7 4.e4 d6 5.Nf3 O-O 6.Be2 e5 7.O-O Nc6 8.d5 Ne7
9.Ne1 a5 10.Nd3 Nd7 11.f3 f5 12.Be3 f4 13.Bf2 g5 14.c5 Nf6 15.Rc1 Ng6 16.cxd6 cxd6
17.Na4 g4 18.Nb6 Rb8 19.Nxc8 Rxc8 20.Rxc8 Qxc8 21.Bb6 h5 22.Qc1 Qe8 23.Qc7 gxf3
24.gxf3 Nh4 25.Kh1 Nxe4 26.Rg1 Rf7 27.Qc4 Nd2 28.Qc2 Ndxf3 29.Rf1 e4 30.Nf2 e3
31.Ne4 Nxh2 32.Ng5 Rf5 33.Rg1 f3 34.Bb5 Qe5 35.Bxa5 Qd4 36.Ne6 Ng4 37.Nxd4 Bxd4
38.Qe4 Bf6 39.Qxe3 Kh7 40.Qe6 Nf2+ 41.Kh2 Be5+ 42.Rg3 Ne4 43.Kh3 Nxg3 44.Kxh4 f2
45.Qe7+ Kh6 46.Qxb7 Rf3  0-1

[Event "Vienna op"]
[Site "Vienna"]
[Date "1990.??.??"]
[Round "5"]
[White "Blees, Albert"]
[Black "Danailov, Silvio"]
[Result "1-0"]
[WhiteElo "2400"]
[BlackElo "2460"]

1.c4 g6 2.Nc3 Bg7 3.d4 Nf6 4.e4 d6 5.Nf3 O-O 6.Be2 e5 7.O-O Nc6 8.d5 Ne7
9.Nd2 Ne8 10.b4 f5 11.c5 Kh8 12.a4 Ng8 13.Ba3 f4 14.a5 h5 15.b5 b6 16.cxd6 cxd6
17.Nc4 Rb8 18.axb6 axb6 19.Na2 Nh6 20.Nb4 Rb7 21.Nc6 Qf6 22.Bb4 h4 23.Ra8 Bd7
24.h3 Qg5 25.Kh1 Nf7 26.Qa4 Nc7 27.Rxf8+ Bxf8 28.f3 Qf6 29.Be1  1-0

[Event "Vienna op"]
[Site "Vienna"]
[Date "1990.??.??"]
[Round "9"]
[White "Plachetka, Jan"]
[Black "Nickl, Klaus"]
[Result "1-0"]
[WhiteElo "2425"]
[BlackElo "2255"]

1.d4 Nf6 2.c4 g6 3.Nc3 Bg7 4.e4 d6 5.Nf3 O-O 6.Be2 e5 7.O-O Nc6 8.d5 Ne7
9.Bd2 Nd7 10.Rc1 a5 11.a3 f5 12.Ng5 Nc5 13.b4 axb4 14.axb4 Nxe4 15.Ncxe4 fxe4
16.Nxe4 Nf5 17.Bg5 Qe8 18.c5 h6 19.Bd2 Qe7 20.Bd3 Nd4 21.Bc3 Bf5 22.Re1 Bxe4
23.Bxe4 Qh4 24.g3 Qf6 25.Bxd4 exd4 26.Rc2 Ra3 27.Qg4 g5 28.Rd2 dxc5 29.bxc5 Rc3
30.c6 bxc6 31.dxc6 d3 32.Bd5+ Kh8 33.Re6 Rc1+ 34.Kg2 Qa1 35.Kh3 Rc2 36.Qh5 Rf6
37.Re8+ Rf8 38.Qf7 Qa3 39.Rxd3 Qb4 40.Rde3 Kh7 41.Rxf8 Qxf8 42.Be4+  1-0

[Event "Voskresensk"]
[Site "Voskresensk"]
[Date "1990.??.??"]
[Round "?"]
[White "Neverov, Valeriy"]
[Black "Belov, Igor"]
[Result "1-0"]
[WhiteElo "2505"]
[BlackElo "2430"]

1.d4 Nf6 2.c4 g6 3.Nc3 Bg7 4.e4 d6 5.Nf3 O-O 6.Be2 e5 7.O-O Nc6 8.d5 Ne7
9.Ne1 Nd7 10.Nd3 f5 11.Bd2 Nf6 12.f3 Kh8 13.Rc1 c5 14.Rb1 a5 15.a3 Neg8 16.b4 axb4
17.axb4 b6 18.Qc1 f4 19.Qb2 g5 20.Ra1 Rxa1 21.Rxa1 g4 22.bxc5 bxc5 23.Qb8 Nd7
24.Qb3 gxf3 25.Bxf3 Nh6 26.Nb5 Nf6 27.Ra7 Nfg4 28.h3 Ne3 29.Nf2 Nf7 30.Bxe3 fxe3
31.Qxe3 Bh6 32.Qe2 Qg5 33.Bg4 Qc1+ 34.Qf1 Bxg4 35.Nxg4 Qxf1+ 36.Kxf1 Bf4
37.Ke2 h5 38.Nf6 h4 39.Nxd6 Ng5 40.Nd7 Rd8 41.Kd3 Bg3 42.Rb7 Ra8 43.Rb8+ Rxb8
44.Nxb8 Bf2 45.Nc6  1-0

[Event "Vrnjacka Banja"]
[Site "Vrnjacka Banja"]
[Date "1990.??.??"]
[Round "4"]
[White "Timoshenko, Georgy"]
[Black "Tosic, Miroslav"]
[Result "1/2-1/2"]
[WhiteElo "2540"]
[BlackElo "2375"]

1.d4 Nf6 2.c4 g6 3.Nc3 Bg7 4.e4 d6 5.Nf3 O-O 6.Be2 e5 7.O-O Nc6 8.d5 Ne7
9.Bg5 h6 10.Bxf6 Bxf6 11.b4 Kg7 12.c5 Ng8 13.cxd6 cxd6 14.a4 Bd7 15.a5 Qb8
16.Qb3 Rc8 17.Rfc1 Bd8 18.Nb5  1/2-1/2

[Event "Vrnjacka Banja"]
[Site "Vrnjacka Banja"]
[Date "1990.??.??"]
[Round "5"]
[White "Kolev, Atanas"]
[Black "Timoshenko, Georgy"]
[Result "1/2-1/2"]
[WhiteElo "2425"]
[BlackElo "2540"]

1.d4 Nf6 2.c4 g6 3.Nc3 Bg7 4.e4 d6 5.Nf3 O-O 6.Be2 e5 7.O-O Nc6 8.d5 Ne7
9.b4 Nh5 10.g3 f5 11.Ng5 Nf6 12.f3 c6 13.Be3 h6 14.Ne6 Bxe6 15.dxe6 Qc7 16.b5 Rfd8
17.bxc6 bxc6 18.Qa4 Qc8 19.Rab1 Kh7 20.Rfc1 Qxe6 21.Qa6 Rd7 22.Rb7 h5 23.Rcb1 Bh6
24.Bf2 Bd2 25.Nd5 cxd5 26.cxd5 Qf7 27.Rxd7 Nxd7 28.Rb7 fxe4 29.Qxd6 e3 30.Qxd7 exf2+
31.Kxf2 Bg5 32.d6 e4 33.dxe7 Re8 34.Qxe8 e3+ 35.Kf1 Qxe8 36.Bb5 Qxe7 37.Rxe7+ Bxe7  1/2-1/2

[Event "Vrnjacka Banja"]
[Site "Vrnjacka Banja"]
[Date "1990.??.??"]
[Round "12"]
[White "Tosic, Miroslav"]
[Black "Kolev, Atanas"]
[Result "1-0"]
[WhiteElo "2375"]
[BlackElo "2425"]

1.d4 Nf6 2.c4 g6 3.Nc3 Bg7 4.e4 d6 5.Nf3 O-O 6.Be2 e5 7.O-O Nc6 8.d5 Ne7
9.Kh1 Nd7 10.g4 Kh8 11.Rg1 a5 12.Be3 Nc5 13.Qd2 Ng8 14.Rg3 b6 15.Rag1 Nf6
16.Qc2 Bd7 17.Nd2 c6 18.f3 Qc8 19.Qd1 Qb7 20.Qf1 Rab8 21.Qf2 Kg8 22.Rh3 Rfe8
23.Qh4 h5 24.dxc6 Qxc6 25.Nd5 Nxd5 26.cxd5 Qc7 27.Bg5 b5 28.Nf1 Qc8 29.Ne3 Kf8
30.Bf1 hxg4 31.Bh6 Qd8 32.Bxg7+ Kxg7 33.Qh6+ Kf6 34.Qh4+ Kg7 35.Qh7+ Kf6
36.fxg4 Rf8 37.Qh4+ Kg7 38.Nf5+ Bxf5 39.Qh6+ Kf6 40.gxf5 Rh8 41.Rxg6+ Ke7
42.Qg7 Rf8 43.Bg2 Rb7 44.Rhh6 Rb6 45.Rh7 Rb7 46.Qf6+ Ke8 47.Qxd8+ Kxd8 48.Rxd6+ Ke7
49.Rc6 Nd3 50.f6+ Kd8 51.Bh3 Rc7 52.Rd6+ Ke8 53.Ra6 Rc1+ 54.Kg2 Nf4+ 55.Kg3 Rg8+
56.Kf3  1-0

[Event "Warsaw Legion op"]
[Site "Warsaw"]
[Date "1990.??.??"]
[Round "?"]
[White "Ehrenfeucht, Wojciech"]
[Black "Kaim, Piotr"]
[Result "1-0"]
[WhiteElo "2285"]
[BlackElo "2225"]

1.Nf3 Nf6 2.c4 g6 3.Nc3 Bg7 4.e4 d6 5.Be2 O-O 6.O-O e5 7.d4 Nc6 8.d5 Ne7
9.b4 Nh5 10.g3 f5 11.Ng5 Nf6 12.f3 f4 13.Rb1 fxg3 14.hxg3 h6 15.Ne6 Bxe6
16.dxe6 Qc8 17.Nd5 Qxe6 18.Nxc7 Qh3 19.Rf2 Rac8 20.Rh2 Qxg3+ 21.Rg2 Qh3 22.Qxd6 Rf7
23.c5 Nc6 24.Qe6 Qxe6 25.Nxe6 Re7 26.Bc4 Kh7 27.Be3 Rce8 28.Nxg7 Kxg7 29.Rd2 g5
30.Rd6 Nd4 31.Bxd4 exd4 32.Rxd4 g4 33.Bb5 Rf8 34.fxg4 Rxe4 35.Rxe4 Nxe4 36.Rd1 Nf6
37.Be2 Kf7 38.Bf3 Rb8 39.Kg2 Ke7 40.Rh1 Ng8 41.Bd5 Nf6 42.Bf3 Rg8 43.Rxh6 Nxg4
44.Rh7+ Ke6 45.Kf1 b6 46.cxb6 axb6 47.Bxg4+ Rxg4 48.Rh6+ Kd7 49.Rxb6 Rc4
50.a3 Rc2 51.Ke1 Kc7 52.Ra6 Kb7 53.Ra5 Kb6 54.Kd1 Ra2 55.Kc1 Rh2 56.Kb1 Rg2
57.Rc5 Rh2  1-0

[Event "Warsaw Legion op"]
[Site "Warsaw"]
[Date "1990.??.??"]
[Round "?"]
[White "Schmidt, Wlodzimierz"]
[Black "Kaminski, Marcin"]
[Result "0-1"]
[WhiteElo "2465"]
[BlackElo "2315"]

1.Nf3 Nf6 2.c4 g6 3.Nc3 Bg7 4.e4 O-O 5.d4 d6 6.Be2 e5 7.O-O Nc6 8.d5 Ne7
9.Ne1 Nd7 10.Nd3 f5 11.Bd2 Nf6 12.f3 f4 13.c5 g5 14.cxd6 cxd6 15.Nf2 Ng6
16.Qc2 Rf7 17.Rfc1 a6 18.a4 h5 19.h3 b6 20.Ra3 Bf8 21.Na2 Rg7 22.Rc3 Bd7
23.Nb4 Nh4 24.Rc7 Qe8 25.Nc6 Qg6 26.Be1 Rh7 27.Qd1 Ne8 28.Rb7 Nxg2 29.Kxg2 Bxh3+
30.Nxh3 Rxb7 31.Nf2 Nf6 32.Kf1 Rg7 33.Nb4 a5 34.Nbd3 Raa7 35.Rc6 Rab7 36.Qb3 g4
37.Bc3 g3 38.Nh3 g2+ 39.Kg1 Qg3 40.Ndf2 Ng4 41.fxg4 hxg4 42.Bxg4 Rxg4 43.Rxb6 Rh7
44.Bd2  0-1

[Event "Hoogovens-B"]
[Site "Wijk aan Zee"]
[Date "1990.??.??"]
[Round "1"]
[White "Winants, Luc"]
[Black "Hellers, Ferdinand"]
[Result "0-1"]
[WhiteElo "2455"]
[BlackElo "2525"]

1.d4 Nf6 2.c4 g6 3.Nc3 Bg7 4.e4 d6 5.Be2 O-O 6.Nf3 e5 7.O-O Nc6 8.d5 Ne7
9.Bg5 Nd7 10.Nd2 f5 11.exf5 gxf5 12.f4 h6 13.Bh4 Nf6 14.Bh5 c6 15.Nb3 cxd5
16.Bxf6 Rxf6 17.Nxd5 Rf8 18.Qd2 Be6 19.Rac1 Rc8 20.Kh1 Kh8 21.Bf3 e4 22.Be2 Bg8
23.Ne3 Qb6 24.Rfd1 Rfd8 25.Nd4 d5 26.Nexf5 Nxf5 27.Nxf5 dxc4 28.Qc2 Qxb2
29.Rxd8 Rxd8 30.Kg1 Rd2 31.Qxb2 Bxb2 32.Re1 c3  0-1

[Event "Hoogovens-B"]
[Site "Wijk aan Zee"]
[Date "1990.??.??"]
[Round "11"]
[White "Van der Sterren, Paul"]
[Black "Peelen, Piet"]
[Result "1-0"]
[WhiteElo "2515"]
[BlackElo "2380"]

1.Nf3 Nf6 2.c4 g6 3.Nc3 Bg7 4.e4 d6 5.d4 O-O 6.Be2 e5 7.O-O Nc6 8.d5 Ne7
9.Nd2 a5 10.a3 Nd7 11.Rb1 f5 12.b4 b6 13.f3 Kh8 14.Qc2 Ng8 15.Bd3 Bh6 16.exf5 gxf5
17.Bxf5 Be3+ 18.Kh1 Qh4 19.Bxd7 Bxd7 20.Nde4 Bxc1 21.Qxc1 Rf5 22.Qe1 Qe7
23.c5 axb4 24.cxd6 cxd6 25.Rxb4 Rxa3 26.Rxb6 Rh5 27.Rb7 Nh6 28.Nb5 Rd3 29.Rb8+ Kg7
30.Nbxd6 Rxd5 31.Qg3+ Ng4 32.fxg4  1-0

[Event "Hoogovens"]
[Site "Wijk aan Zee"]
[Date "1990.??.??"]
[Round "13"]
[White "Portisch, Lajos"]
[Black "Piket, Jeroen"]
[Result "1/2-1/2"]
[WhiteElo "2605"]
[BlackElo "2495"]

1.Nf3 Nf6 2.c4 d6 3.d4 g6 4.Nc3 Bg7 5.e4 O-O 6.Be2 e5 7.O-O Nc6 8.Be3 Ng4
9.Bg5 f6 10.Bc1 Nxd4 11.Nxd4 exd4 12.Qxd4 f5 13.Qd5+ Kh8 14.Bxg4 fxg4 15.Be3 c6
16.Qd3 Be6 17.Bd4 Be5 18.Rad1 Qg5 19.Ne2 Rad8 20.b3 b6 21.Be3 Qh4 22.Ng3 h6
23.Qd2 Kh7 24.Bd4 Qe7 25.Qe3 Rd7 26.Qc3 Qg5 27.Bxe5 dxe5 28.Rxd7+ Bxd7 29.Rd1 Rf7
30.Ne2 Bc8 31.Qc1 Qe7 32.Qe3 Qa3 33.Nc3 Rd7 34.Rxd7+ Bxd7 35.Qd2 Be6 36.Ne2 a5
37.Nc1 b5 38.cxb5 cxb5 39.g3 a4 40.Qc3 h5 41.Qc7+  1/2-1/2

[Event "Zuerich op"]
[Site "Zuerich"]
[Date "1990.??.??"]
[Round "?"]
[White "Lanzani, Mario"]
[Black "Maxion, Dirk"]
[Result "1-0"]
[WhiteElo "2350"]
[BlackElo "2210"]

1.d4 Nf6 2.c4 g6 3.Nc3 Bg7 4.e4 d6 5.Be2 O-O 6.Nf3 e5 7.O-O Nc6 8.Be3 Re8
9.dxe5 dxe5 10.h3 Be6 11.c5 h6 12.Bb5 Bd7 13.Bc4 Qc8 14.b4 a6 15.Qb3 Be6
16.Rfd1 Bxc4 17.Qxc4 Nd7 18.a4 Bf8 19.Nd5 Nd8 20.Rd2 c6 21.Nb6 Nxb6 22.cxb6 Bg7
23.Rad1 Qe6 24.Qxe6 Nxe6 25.Rd7 Red8 26.R1d2 Rab8 27.Bc5 h5 28.Be7 Rxd7 29.Rxd7 Nf8
30.Bxf8 Bxf8 31.Nxe5 Bxb4 32.Nc4 Re8 33.Rxb7 Rxe4 34.Rd7 Bc5 35.b7 Ba7 36.Na5  1-0